000 00708cam a22002171i 4500
001 sa 64008015
003 DLC
005 20260227112051.0
008 770608n19609999ii f000 0 eng
010 _asa 64008015
035 _a(OCoLC)3023938
040 _aDLC
_cNNepaSU
_dOCoLC
_dDLC
042 _apremarc
050 0 0 _aLA1151
_b.A28
245 0 0 _aSelections from educational records of the Government of India.
260 _aDelhi,
_bPublished for the National Archives of India by the Manager of Publications,
_c1960-
300 _a v.
_c25 cm.
505 0 _a-- v. 2 Development of university education, 1860-87.
650 0 _aEducation
_zIndia.
710 1 _aIndia (Republic).
_bNational Archives.
999 _c60635
_d60635